000 00612nam a2200229Ia 4500
003 0100
008 130303s9999 xx 000 0 und d
020 _a0521629241
040 _cARRUPELIB
050 _aB3148.C36 1999
245 4 _aThe Cambridge companion to Schopenhauer
260 _aCambridge
260 _bCambridge University Press
260 _C1999
300 _axiv
300 _b 478p. 24cm.
650 _aPHILOSOPHY
650 _bGerman Language -- Dictionaries --English
650 _cEnglish Language -- Dictionaries -- German
700 _aJanaway, Christopher (ed.)
942 0 0 _03
999 _c13007
_d13007